| 000 | 00609cam a22001814a 4500 | ||
|---|---|---|---|
| 005 | 20250605164148.0 | ||
| 008 | 250528s ||||||||||||||||||||||||d | ||
| 035 | _a19254 | ||
| 040 |
_aGR-AtMCL _bgre _dGR-AtMCL _eAACR2 |
||
| 245 | 1 | _aΟ Μεσαιωνικός Κόσμος / Παγκόσμιος Ιστορία Τέχνης | |
| 260 |
_bΧρυσός Τύπος, _c1975 |
||
| 300 | _a178 | ||
| 520 | _aΕισαγωγή, Προ-Ρωμανική Τέχνη, Ρωμανική Τέχνη, Γοτθική Τέχνη. | ||
| 700 | 1 |
_aKidson Peter _95484 |
|
| 942 | _cBK | ||
| 999 |
_c4520 _d4520 |
||